Archives / (Registro nro. 25827)

Detalles MARC
000 -LEADER
campo de control de longitud fija 01992cam a22004214i 4500
003 - IDENTIFICADOR DE NÚMERO DE CONTROL
campo de control PE-LiUPU
005 - FECHA Y HORA DE LA ÚLTIMA TRANSACCIÓN
campo de control 20250731183406.0
008 - DATOS DE LONGITUD FIJA--INFORMACIÓN GENERAL
campo de control de longitud fija 171121s2017 sp a r 001 0 eng d
020 ## - NÚMERO INTERNACIONAL ESTÁNDAR DEL LIBRO
Número Internacional Estándar del Libro 9788469725603
035 ## - NÚMERO DE CONTROL DEL SISTEMA
Número de control de sistema (Sirsi) a240166
040 ## - FUENTE DE CATALOGACIÓN
Centro catalogador/agencia de origen PE-LiUPU
Lengua de catalogación spa
Centro/agencia transcriptor PE-LiUPU
Normas de descripción rda
049 ## - FONDOS LOCALES (OCLC)
Biblioteca depositaria PRUA
082 04 - NÚMERO DE LA CLASIFICACIÓN DECIMAL DEWEY
Número de clasificación 720
Cutter A6
Número de edición 20
245 00 - MENCIÓN DEL TÍTULO
Título Archives /
Mención de responsabilidad, etc. Editorial directors, Carlos Quintáns, Juan Rodríguez.
246 3# - FORMA VARIANTE DEL TITULO
Título propio/Titulo breve Flores and Prats
264 #1 - PRODUCCIÓN, PUBLICACIÓN, DISTRIBUCIÓN, FABRICACIÓN Y COPYRIGHT
Producción, publicación, distribución, fabricación y copyright España :
Nombre del de productor, editor, distribuidor, fabricante C2C Proyectos,
Fecha de producción, publicación, distribución, fabricación o copyright 2017.
300 ## - DESCRIPCIÓN FÍSICA
Extensión 271 páginas :
Otras características físicas ilustraciones ;
Dimensiones 24 centímetros.
336 ## - TIPO DE CONTENIDO
Término de tipo de contenido text
Fuente rdacontent
337 ## - TIPO DE MEDIO
Nombre/término del tipo de medio unmediated
Fuente rdamedia
338 ## - TIPO DE SOPORTE
Nombre/término del tipo de soporte volume
Fuente rdacarrier
490 0# - MENCIÓN DE SERIE
Mención de serie Archives ;
Designación de volumen o secuencia 1
505 0# - NOTA DE CONTENIDO CON FORMATO
Nota de contenido con formato Flores & prats -- Editorial -- Layers of writings and conversations -- 24 images collected by Flores & Prats -- Yutes warehouse. Barcelona, spain. 1999-2005 -- House in suitcase. Barcelona, Spain. 1996-1997 -- Providencia house. Badalona, Barcelona, Spain. 2002-2008 -- Building 111. Terresa, Barcelona, Spain. 2004-2011 -- Mills Museum. Palma de Mallorca, Spain. 1997-2002 -- Casal Balaguer. Palma de Mallorca, Spain. 1996-2016 -- The new sala beckett. Barcelona, Spain. 2011-2016 -- A conversation wiyh Antonio Miralda -- Models -- Spanish translation / Traducciones en español.
526 ## - NOTA DE INFORMACIÓN SOBRE EL PROGRAMA DE ESTUDIO
Nombre del programa Maestría Bim Facility Management (A distancia)
526 ## - NOTA DE INFORMACIÓN SOBRE EL PROGRAMA DE ESTUDIO
Nombre del programa
526 ## - NOTA DE INFORMACIÓN SOBRE EL PROGRAMA DE ESTUDIO
Nombre del programa Educación musical y artes
526 ## - NOTA DE INFORMACIÓN SOBRE EL PROGRAMA DE ESTUDIO
Nombre del programa Educación, especialidad educación física
526 ## - NOTA DE INFORMACIÓN SOBRE EL PROGRAMA DE ESTUDIO
Nombre del programa Arquitectura
526 8# - NOTA DE INFORMACIÓN SOBRE EL PROGRAMA DE ESTUDIO
Texto de visualización Programa académico :
Institución que aplica el campo PE-LiUPU
541 ## - NOTA DE FUENTE DE ADQUISICIÓN DIRECTA
-- 003-001760;
596 ## -
-- 1
650 14 - PUNTO DE ACCESO ADICIONAL DE MATERIA--TÉRMINO DE MATERIA
Término de materia o nombre geográfico como elemento de entrada Arquitectura
Subdivisión de forma Revistas.
700 1# - ENTRADA AGREGADA--NOMBRE PERSONAL
Nombre de persona Quintáns, Carlos,
Término indicativo de función/relación director.
700 1# - ENTRADA AGREGADA--NOMBRE PERSONAL
Nombre de persona Rodríguez, Juan,
Término indicativo de función/relación director.
910 ## - DATOS DE OPCIÓN DEL USUARIO (OCLC)
Datos de opción del usuario dbm
-- ncf
-- ncf
-- 20171121
942 ## - ELEMENTOS DE ENTRADA SECUNDARIOS (KOHA)
Fuente del sistema de clasificación o colocación Clasificación Decimal Dewey
Tipo de ítem Koha
994 ## -
-- C0
-- PEPRU
999 ## - NÚMEROS DE CONTROL DE SISTEMA (KOHA)
-- DEWEY
-- 77247
-- 2021-11-9
-- 4
-- CCODEBUL1
-- BUL
-- 29.05
-- 0
-- Y
-- BOOK
-- 2017-11-21
-- INGENIERIA
-- P06
-- COMPRA
-- .STAFF. Colección Ingeniería y Arquitectura
980 ## - EQUIVALENCIA O REFERENCIA-CRUZADA-MENCIÓN DE SERIE--NOMBRE DE PERSONA/TÍTULO [LOCAL, CANADÁ]
ID del último usuario que modificó el registro 1
Nombre del último usuario que modificó el registro ALBERTO SANCHEZ Responsable de Automatización
Existencias
Visto por última vez Número de inventario Total de préstamos Signatura topográfica completa Código de barras Copia número Coste, precio de reemplazo Fecha de reemplazo Facultad Tipo de ítem Koha Nota pública Estado de pérdida Fuente del sistema de clasificación o colocación Restricciones de uso No para préstamo Colección Programa académico Biblioteca de origen Biblioteca actual Ubicación en estantería Fecha de adquisición Fuente de adquisición Coste, precio normal de compra
2025-12-03 5   720 A6 77247 e1 34.05 2017-11-21 FIA Libros físicos inventario-2023-12-13 No Perdido Clasificación Decimal Dewey No restringido Disponible para préstamos Colección General Arquitectura Biblioteca CRAI UPeU Lima Biblioteca CRAI UPeU Lima Sala principal 2017-11-21 COMPRA 29.05